Claims : Agreement between the United States of America and Austria, signed at Vienna October 24, 2000, with annexes.

Bibliographic Details
Corporate Authors: Austria, United States. Department of State
Format: Government Document eBook
Language:English
German
Language Notes:Text in English and German.
Published: [Washington, D.C.] : U.S. Dept. of State, [2000?]
Series:Treaties and other international acts series ; 13122.
Subjects:
Online Access:https://purl.fdlp.gov/GPO/FDLP1853

MARC

Tag First Indicator Second Indicator Subfields
LEADER 00000cam a2200000 a 4500
001 in00002529921
005 20211202184830.0
006 m d f
007 cr bn|||||||||
008 091105s2000 dcu sz f000 0 eng c
035 |a (OCoLC)ocn463476493 
040 |a GPO  |c GPO  |d GPO  |d MvI  |d UtOrBLW 
041 1 |a eng  |a ger 
042 |a pcc 
043 |a n-us---  |a e-au--- 
049 |a WWW 
074 |a 0899-A-01 (online) 
086 0 |a S 9.10:13122 
110 1 |a Austria. 
240 1 0 |a Treaties, etc.  |g United States,  |d 2000 October 24 
245 1 0 |a Claims :  |b Agreement between the United States of America and Austria, signed at Vienna October 24, 2000, with annexes. 
246 3 0 |a Agreement between the United States of America and Austria, signed at Vienna October 24, 2000, with annexes 
264 1 |a [Washington, D.C.] :  |b U.S. Dept. of State,  |c [2000?] 
300 |a 1 online resource (34 unnumbered pages) 
336 |a text  |b txt  |2 rdacontent 
337 |a computer  |b c  |2 rdamedia 
338 |a online resource  |b cr  |2 rdacarrier 
490 1 |a Treaties and other international acts series ;  |v 13122 
500 |a Title from title screen (viewed on Nov. 5, 2009). 
546 |a Text in English and German. 
500 |a Electronic resource. 
650 0 |a World War, 1939-1945  |x Conscript labor  |x Claims. 
650 0 |a Holocaust, Jewish (1939-1945)  |x Reparations. 
650 0 |a Forced labor  |x Law and legislation  |z Austria. 
650 0 |a Forced labor  |x Law and legislation  |z United States. 
710 1 |a United States.  |b Department of State. 
830 0 |a Treaties and other international acts series ;  |v 13122. 
856 4 0 |u https://purl.fdlp.gov/GPO/FDLP1853  |t 0 
999 |a MARS 
999 f f |s 8c4b63d0-1d43-3165-8c8f-ae29a633c3ff  |i 33396837-eeff-3d01-93e9-2dbea45dea34  |t 0 
952 f f |a Texas A&M University  |b College Station  |c Electronic Resources  |d Available Online  |t 0  |e S 9.10:13122  |h Superintendent of Documents classification 
998 f f |a S 9.10:13122  |t 0  |l Available Online